logo

Bir Sreshtho Munshi Abdur Rouf Library
Jhenaidah Cadet College

একশ’ বছরের ইংরেজি কবিতা / (Record no. 13900)

MARC details
000 -LEADER
fixed length control field 00697nam a2200205 a 4500
001 - CONTROL NUMBER
JCCL Control Number 13900
003 - CONTROL NUMBER IDENTIFIER
JCCL marc code BD-JhCC
005 - DATE AND TIME OF LATEST TRANSACTION
control field 20240513114355.0
008 - FIXED-LENGTH DATA ELEMENTS--GENERAL INFORMATION
fixed length control field 180424s2013 bg |||| ||a| 000 0 ben d
035 ## - SYSTEM CONTROL NUMBER
system control number (BD-JhCC)13900
040 ## - CATALOGING SOURCE
Original cataloging agency BD-JhCC
Modifying agency BD-JhCC
041 ## - LANGUAGE CODE
Language code of Book Ben
082 ## - DEWEY DECIMAL CLASSIFICATION NUMBER
Classification number 891.4415
Author mark and Year EKS 2013
245 ## - TITLE STATEMENT
Title একশ’ বছরের ইংরেজি কবিতা /
Statement of responsibility, etc অনু: সুরেশ রঞ্জন বসাক
260 ## - PUBLICATION, DISTRIBUTION, ETC. (IMPRINT)
Place of publication, distribution, etc ঢাকা :
Name of publisher, distributor, etc সাহিত্য প্রকাশ,
Date of publication, distribution, etc 2013
300 ## - PHYSICAL DESCRIPTION
Pagination 166 p. :
Dimensions 22 cm.
650 ## - SUBJECT ADDED ENTRY--TOPICAL TERM
Topical term or geographic name as entry element ইংরেজি কবিতা
700 ## - ADDED ENTRY--PERSONAL NAME
Personal name বসাক , অনু: সুরেশ রঞ্জন
942 ## - ADDED ENTRY ELEMENTS (KOHA)
Source of classification or shelving scheme Dewey Decimal Classification
Koha item type Books
Holdings
Source of classification or shelving scheme Damaged status Not for loan Home library Current library Shelving location Date of accession Cost, normal purchase price Full call number Barcode Date last seen Copy number Method of acquisition Koha item type Currency
Dewey Decimal Classification     JCC Rouf Library JCC Rouf Library General Stacks   220.00 891.4415 EKS 2013 19406 05/13/2024 C-1 Purchase Books BDT

JCC Library | Contacts | JCC Home

Last Update on 23 September 2017
Copyright @ 2017-2020 JCC Rouf Library
Rouf Library, Jhenidah Cadet College (JCC), Bangladesh